000 00585nam a2200169 i 4500
001 86620
003 ES-MaACL
005 20230906175505.0
007 t|
008 041214s1976 cc ||||1| spa d
100 1 _aKim Il Sung.
_968035
245 1 0 _aAl encuentro del gran acontecimiento de la restauración de la Patria, bien preparados
_b: informe, 10 de agosto de 1940 /
_cKim Il Sung.
260 _aPyongyang :
_bEdiciones en Lenguas Extranjeras,
_c1976.
300 _a16 p., 1 lám. ;
_c19 cm.
852 _aES-MaACL
_j2104-F-4
_bR.95642
852 _aES-MaACL
_j2104-F-3
_bR.95643
999 _c86620
_d86620